Project on Human Development in Chicago Neighborhoods (PHDCN): Fear and Guns, Wave 3, 2000-2002

The Project on Human Development in Chicago Neighborhoods (PHDCN) was a large-scale, interdisciplinary study of how families, schools, and neighborhoods affect child and adolescent development. One component of the PHDCN was the Longitudinal Cohort Study, which was a series of coordinated longitudin...

Descripción completa

Guardado en:  
Detalles Bibliográficos
Autor principal: Earls, Felton J. (Autor)
Otros Autores: Brooks-Gunn, Jeanne (Contribuidor) ; Raudenbush, Stephen W. (Contribuidor) ; Sampson, Robert J. (Contribuidor)
Tipo de documento: Electrónico Research Data
Lenguaje:Inglés
Publicado: [Erscheinungsort nicht ermittelbar] [Verlag nicht ermittelbar] 2007
En:Año: 2007
Acceso en línea: Volltext (kostenfrei)
Verificar disponibilidad: HBZ Gateway
Palabras clave:

MARC

LEADER 00000cam a22000002c 4500
001 1840057955
003 DE-627
005 20230325055213.0
007 cr uuu---uuuuu
008 230324s2007 xx |||||o 00| ||eng c
024 7 |a 10.3886/ICPSR13701.v1  |2 doi 
035 |a (DE-627)1840057955 
035 |a (DE-599)KXP1840057955 
040 |a DE-627  |b ger  |c DE-627  |e rda 
041 |a eng 
084 |a 2,1  |2 ssgn 
100 1 |a Earls, Felton J.  |e VerfasserIn  |4 aut 
245 1 0 |a Project on Human Development in Chicago Neighborhoods (PHDCN): Fear and Guns, Wave 3, 2000-2002 
264 1 |a [Erscheinungsort nicht ermittelbar]  |b [Verlag nicht ermittelbar]  |c 2007 
336 |a Text  |b txt  |2 rdacontent 
337 |a Computermedien  |b c  |2 rdamedia 
338 |a Online-Ressource  |b cr  |2 rdacarrier 
520 |a The Project on Human Development in Chicago Neighborhoods (PHDCN) was a large-scale, interdisciplinary study of how families, schools, and neighborhoods affect child and adolescent development. One component of the PHDCN was the Longitudinal Cohort Study, which was a series of coordinated longitudinal studies that followed over 6,000 randomly selected children, adolescents, and young adults, and their primary caregivers over time to examine the changing circumstances of their lives, as well as the personal characteristics, that might lead them toward or away from a variety of antisocial behaviors. Numerous measures were administered to respondents to gauge various aspects of human development, including individual differences, as well as family, peer, and school influences. One such measure was the Fear and Guns instrument. It was administered to subjects in Cohorts 6, 9, and 12 and obtained information regarding the subject's fear in certain situations and the accessibility and use of guns. This instrument combined elements from PROJECT ON HUMAN DEVELOPMENT IN CHICAGO NEIGHBORHOODS (PHDCN): WHERE ARE YOU AFRAID? (FEAR), WAVE 2, 1997-2000 (ICPSR 13621) and PROJECT ON HUMAN DEVELOPMENT IN CHICAGO NEIGHBORHOODS (PHDCN): GUN OWNERSHIP, WAVE 2, 1997-2000 (ICPSR 13626). It is closely related to PROJECT ON HUMAN DEVELOPMENT IN CHICAGO NEIGHBORHOODS (PHDCN): GUN OWNERSHIP, WAVE 3, 2000-2002 (ICPSR 13711). 
540 |a ICPSR Terms of Use 
650 4 |a Adolescents 
650 4 |a Caregivers 
650 4 |a Child Development 
650 4 |a Childhood 
650 4 |a Fear 
650 4 |a Fear of crime 
650 4 |a Gun Ownership 
650 4 |a gun use 
650 4 |a handguns 
650 4 |a Neighborhoods 
650 4 |a Social Behavior 
650 4 |a Violence 
650 4 |a Young adults 
655 7 |a Forschungsdaten  |0 (DE-588)1098579690  |0 (DE-627)857755366  |0 (DE-576)469182156  |2 gnd-content 
700 1 |a Brooks-Gunn, Jeanne  |e MitwirkendeR  |4 ctb 
700 1 |a Raudenbush, Stephen W.  |e MitwirkendeR  |4 ctb 
700 1 |a Sampson, Robert J.  |e MitwirkendeR  |4 ctb 
856 4 0 |u https://doi.org/10.3886/ICPSR13701.v1  |x Resolving-System  |z kostenfrei  |3 Volltext  |7 0 
935 |a mkri 
951 |a BO 
ELC |a 1 
LOK |0 000 xxxxxcx a22 zn 4500 
LOK |0 001 4296805576 
LOK |0 003 DE-627 
LOK |0 004 1840057955 
LOK |0 005 20230324125253 
LOK |0 008 230324||||||||||||||||ger||||||| 
LOK |0 035   |a (DE-2619)ICPSR13701 
LOK |0 040   |a DE-2619  |c DE-627  |d DE-2619 
LOK |0 092   |o n 
LOK |0 852   |a DE-2619 
LOK |0 852 1  |9 00 
LOK |0 935   |a foda  |a nacj 
LOK |0 939   |a 24-03-23  |b l01 
OAS |a 1 
ORI |a SA-MARC-krimdoka001.raw